[Event "Massy op"]
[Site "Massy"]
[Date "2010.06.??"]
[Round "?"]
[White "Vernier, Maurice"]
[Black "Ghersi, Kader"]
[Result "0-1"]
[WhiteElo "1360"]
[BlackElo "1759"]
[PlyCount "90"]
[EventDate "2010.06.??"]
[EventType "swiss"]
[EventRounds "7"]
[EventCountry "FRA"]
[SourceTitle "EXT 2011"]
[Source "ChessBase"]
[SourceDate "2010.11.26"]
[SourceVersion "1"]
[SourceVersionDate "2010.11.26"]
[SourceQuality "1"]

1. e4 e5 2. Nf3 Nc6 3. Bc4 Nd4 4. c3 Nxf3+ 5. Qxf3 Qf6 6. Qg3 d6 7. d3 Be7 8. h4 Qg6 9. Bg5 h6 10. Bxe7 Qxg3 11. fxg3 Nxe7 12. Nd2 Bd7 13. 0-0-0 f6 14. Nf1 0-0-0 15. Ne3 Rhf8 16. Rhf1 Kb8 17. h5 f5 18. Nd5 Nxd5 19. exd5 f4 20. gxf4 Bg4 21. Rde1 exf4 22. Re7 Rd7 23. Rfe1 Rxe7 24. Rxe7 Rg8 25. Bb5 Bxh5 26. Bd7 g5 27. Rh7 Bg6 28. Rxh6 Bxd3 29. Re6 Bf5 30. Re8+ Rxe8 31. Bxe8 Be4 32. c4 Bxg2 33. Kd2 c6 34. dxc6 Bxc6 35. Bf7 Kc7 36. b4 a6 37. Be6 Kd8 38. Ke1 Ke7 39. Bg4 Kf6 40. Kf2 Ke5 41. Be2 Be4 42. a4 Kd4 43. a5 Bd3 44. c5 Bxe2 45. cxd6 Bb5 0-1